Jugadores del Athletic Club de Bilbao desde el año 2000 - Estadísticas

Estadísticas generales
  • Esta prueba ha sido intentada 467 veces
    465 desde el último reinicio
  • La puntuación promedio es 38 de 108
Estadísticas de respuestas
Jugador % Correcto
Williams
89%
Aduriz
88%
Muniain
87%
Unai Simón
85%
San José
81%
Gorka Iraizoz
79%
De Marcos
76%
Llorente
74%
Javi Martínez
72%
Kepa
72%
Ander Herrera
67%
Dani García
67%
Raúl
67%
Raúl García
67%
Yuri
67%
Guerrero
66%
Iñigo Martínez
66%
Iraola
66%
Susaeta
65%
Beñat
64%
Yeray
62%
Laporte
60%
Toquero
58%
Ohian Sancet
57%
Lekue
55%
Gurpegui
53%
Iago Herrerín
53%
Iturraspe
52%
Vesga
52%
Yeste
52%
Villalibre
50%
Etxeberría
47%
Isma López
47%
Urzaiz
47%
Amorebieta
46%
David López
46%
Unai López
46%
Capa
44%
Unai Núñez
44%
Balenziaga
43%
Mikel Rico
43%
Ibai Gómez
42%
Guruzeta
41%
Aranzubía
40%
Sabin Merino
37%
Orbaiz
36%
Aurtenetxe
35%
Etxeita
35%
Del Horno
34%
Kodro
33%
Koikili
33%
Kike Sola
32%
Galarreta
30%
Córdoba
29%
Ramalho
28%
Gabilondo
27%
Larra
26%
Larrazabal
26%
Aitor Ocio
25%
Ganea
25%
Tiko
24%
Armando
23%
Aitor Ramos
22%
Alkorta
22%
Bóveda
22%
Ezquerro
22%
Saborit
22%
Eraso
21%
Lafuente
21%
Ustaritz
21%
Aketxe
20%
Elustondo
20%
Merino
20%
Viguera
20%
Alkiza
17%
Ekiza
17%
Karanka
17%
Nolaskoain
17%
Casas
16%
Díaz de Cerio
16%
Guillermo
16%
Iñigo Pérez
16%
Iñigo Vélez
16%
Javi González
16%
Urrutia
16%
Garmendia
14%
Murillo
14%
Urko Vera
14%
Xabi Castillo
14%
Lacruz
13%
Luis Prieto
13%
Bustinza
12%
Erik Morán
12%
Larrainzar
12%
Igor Martínez
11%
Muñoz
11%
Ion Vélez
10%
Ríos
10%
Zubiaurre
10%
Expósito
9%
Albizua
7%
Dañobeitia
7%
Felipe Gurendez
7%
Del Olmo
6%
Oscar Vales
4%
Cuellar
3%
Endika
2%
Azkorra
1%
No se encontraron pruebas coincidentes
Distribución de puntuación
Porcentaje de gente con cada puntuación
Porcentaje por número respondido
Historial de tus puntuaciones
No has intentado esta prueba desde el último reinicio